[Event "ESP-ch Universities"]
[Site "Alicante"]
[Date "2011.05.10"]
[Round "8"]
[White "Escofet Martin, David"]
[Black "Fernandez Borrego, Pablo"]
[Result "0-1"]
[WhiteElo "2185"]
[BlackElo "2302"]
[PlyCount "100"]
[EventDate "2011.05.09"]
[EventType "team-swiss"]
[EventRounds "9"]
[EventCountry "ESP"]
[SourceTitle "CBM 142 Extra"]
[Source "ChessBase"]
[SourceDate "2011.06.27"]
[SourceVersion "1"]
[SourceVersionDate "2011.06.27"]
[SourceQuality "1"]

1. e4 e6 2. d4 d5 3. Bd3 Nf6 4. e5 Nfd7 5. Nf3 c5 6. c3 Nc6 7. 0-0 Qb6 8. dxc5 Bxc5 9. b4 Be7 10. Qe2 a6 11. Bf4 f6 12. exf6 Nxf6 13. Nbd2 0-0 14. Ng5 Nd8 15. Be5 h6 16. Ngf3 Nc6 17. Bc2 Nxe5 18. Nxe5 Bd7 19. a4 Rac8 20. Qd3 Qc7 21. Ng6 Rfe8 22. Nxe7+ Rxe7 23. c4 dxc4 24. Qh3 e5 25. Qg3 b5 26. axb5 axb5 27. Ne4 Nxe4 28. Bxe4 Bc6 29. Bf5 Rf8 30. Qg6 Rf6 31. Qh7+ Kf7 32. Rfd1 e4 33. g4 Qe5 34. Ra3 c3 35. Rd8 Be8 36. Rxe8 Rxe8 37. Ra7+ Re7 38. Ra8 Rc6 39. Qg8+ Kf6 40. h4 Qc7 41. Rf8+ Ke5 42. Rd8 Rd6 43. Rc8 Qb7 44. Rxc3 Rd1+ 45. Kh2 e3 46. Rc5+ Kf4 47. Be4 Qxe4 48. Rf5+ Qxf5 49. gxf5 exf2 50. Qb8+ Re5 0-1

[Event "Sabadell-A 5th"]
[Site "Sabadell"]
[Date "2011.04.01"]
[Round "9"]
[White "Escofet Martin, David"]
[Black "Perpinya Rofes, Lluis Maria"]
[Result "1/2-1/2"]
[WhiteElo "2171"]
[BlackElo "2368"]
[PlyCount "64"]
[EventDate "2011.02.04"]
[EventType "tourn"]
[EventRounds "9"]
[EventCountry "ESP"]
[EventCategory "2"]
[SourceTitle "CBM 141 Extra"]
[Source "ChessBase"]
[SourceDate "2011.05.03"]
[SourceVersion "1"]
[SourceVersionDate "2011.05.03"]
[SourceQuality "1"]

1. e4 c5 2. Nf3 Nc6 3. d4 cxd4 4. Nxd4 g6 5. Nc3 Bg7 6. Nb3 Nf6 7. Be2 0-0 8. 0-0 a5 9. a4 Nb4 10. Bf3 d6 11. Be3 Be6 12. Qd2 Rc8 13. Rad1 Nd7 14. Nd4 Ne5 15. Be2 Nc4 16. Bxc4 Bxc4 17. Rfe1 d5 18. b3 e5 19. Bg5 Qb6 20. bxc4 Qxd4 21. Nxd5 Rxc4 22. Qxd4 exd4 23. Be7 Re8 24. Bxb4 axb4 25. Rb1 f5 26. exf5 Rxe1+ 27. Rxe1 gxf5 28. g3 Rxc2 29. Nxb4 Rc4 30. Rb1 Bf8 31. Nd3 Rxa4 32. Rxb7 Ra3 1/2-1/2

[Event "Sabadell-A 5th"]
[Site "Sabadell"]
[Date "2011.03.18"]
[Round "7"]
[White "Escofet Martin, David"]
[Black "Subirats Ruiz, Sergi"]
[Result "1/2-1/2"]
[WhiteElo "2171"]
[BlackElo "2206"]
[PlyCount "27"]
[EventDate "2011.02.04"]
[EventType "tourn"]
[EventRounds "9"]
[EventCountry "ESP"]
[EventCategory "2"]
[SourceTitle "CBM 141 Extra"]
[Source "ChessBase"]
[SourceDate "2011.05.03"]
[SourceVersion "1"]
[SourceVersionDate "2011.05.03"]
[SourceQuality "1"]

1. e4 e5 2. Nf3 Nc6 3. c3 Nf6 4. d4 exd4 5. e5 Ne4 6. cxd4 Bb4+ 7. Nbd2 0-0 8. Bd3 d5 9. 0-0 f5 10. a3 Be7 11. b4 Qe8 12. Qb3 Qf7 13. b5 Nd8 14. Ne1 1/2-1/2

[Event "Sabadell-A 5th"]
[Site "Sabadell"]
[Date "2011.02.11"]
[Round "2"]
[White "Rojas Keim, Luis Alberto"]
[Black "Escofet Martin, David"]
[Result "1/2-1/2"]
[WhiteElo "2458"]
[BlackElo "2171"]
[PlyCount "124"]
[EventDate "2011.02.04"]
[EventType "tourn"]
[EventRounds "9"]
[EventCountry "ESP"]
[EventCategory "2"]
[SourceTitle "CBM 141 Extra"]
[Source "ChessBase"]
[SourceDate "2011.05.03"]
[SourceVersion "1"]
[SourceVersionDate "2011.05.03"]
[SourceQuality "1"]

1. d4 Nf6 2. Bg5 c5 3. d5 Qb6 4. Nc3 Qxb2 5. Bd2 Qb6 6. e4 e5 7. Rb1 Qd8 8. f4 d6 9. fxe5 dxe5 10. Nf3 Nbd7 11. Bg5 Bd6 12. Bb5 Qa5 13. Qd2 0-0 14. Nh4 Ne8 15. Bxd7 Bxd7 16. Rxb7 Bc7 17. Be7 Qa6 18. Rxc7 Nxc7 19. Bxf8 Rxf8 20. Nf3 f6 21. Kf2 Ne8 22. Qd3 c4 23. Qe3 Nd6 24. Rb1 f5 25. Nxe5 Nxe4+ 26. Kg1 Qa3 27. Nxd7 Qxc3 28. Qxa7 Qxc2 29. Rf1 Re8 30. Ne5 Rf8 31. Qe7 g6 32. Ng4 Qd2 33. Qe6+ Kg7 34. Qe5+ Kg8 35. d6 h5 36. Qe6+ Kg7 37. Nf2 Qxd6 38. Qxc4 Qb6 39. Qb3 Qxb3 40. axb3 Nd2 41. Rd1 Nxb3 42. Rd5 Ra8 43. Rd7+ Kf6 44. h4 Nc5 45. Rd6+ Ne6 46. Nh3 Ke5 47. Rb6 Rd8 48. Kf2 Rd2+ 49. Ke3 Rc2 50. g3 Rc3+ 51. Kf2 Kd5 52. Ng5 Nxg5 53. hxg5 Rc6 54. Rb7 Ke5 55. Re7+ Re6 56. Rf7 Kd5 57. Kf3 Kd4 58. Rd7+ Ke5 59. Rf7 Rd6 60. Re7+ Kd5 61. Rg7 Ra6 62. Rd7+ Ke6 1/2-1/2

[Event "ESP-ch Universities"]
[Site "Leon"]
[Date "2010.05.04"]
[Round "7"]
[White "Rodriguez Guerrero, Enrique"]
[Black "Escofet Martin, David"]
[Result "0-1"]
[WhiteElo "2463"]
[BlackElo "2180"]
[PlyCount "62"]
[EventDate "2010.05.03"]
[EventType "swiss"]
[EventRounds "9"]
[EventCountry "ESP"]
[SourceTitle "CBM 136 Extra"]
[Source "ChessBase"]
[SourceDate "2010.07.02"]
[SourceVersion "2"]
[SourceVersionDate "2010.07.15"]
[SourceQuality "1"]

1. e4 c5 2. Nf3 d6 3. d4 cxd4 4. Nxd4 Nf6 5. Nc3 g6 6. Be3 Bg7 7. f3 0-0 8. Qd2 Nc6 9. Bc4 Nd7 10. Bb3 Nb6 11. 0-0-0 Na5 12. g4 Nbc4 13. Qd3 Nxe3 14. Qxe3 Nxb3+ 15. axb3 Bd7 16. h4 a5 17. Ndb5 Bxb5 18. Nxb5 Qd7 19. Qe2 Rfc8 20. Rd5 a4 21. b4 a3 22. bxa3 Qe6 23. g5 Rc6 24. Kb1 Qc8 25. f4 Rc4 26. Kc1 Qc6 27. Rhd1 e6 28. Nd4 Rxd4 29. R5xd4 Qc3 30. Qd3 Qa1+ 31. Kd2 Qxd4 0-1

[Event "Llinars del Valles op-A 4th"]
[Site "Llinars del Valles"]
[Date "2010.04.17"]
[Round "2"]
[White "Sierra Montoya, Miquel"]
[Black "Escofet Martin, David"]
[Result "0-1"]
[WhiteElo "1811"]
[BlackElo "2180"]
[PlyCount "38"]
[EventDate "2010.04.10"]
[EventType "swiss"]
[EventRounds "7"]
[EventCountry "ESP"]
[SourceTitle "EXT 2012"]
[Source "ChessBase"]
[SourceDate "2011.11.24"]
[SourceVersion "1"]
[SourceVersionDate "2011.11.24"]
[SourceQuality "1"]

1. e4 c5 2. Nf3 d6 3. d4 cxd4 4. Nxd4 Nf6 5. Nc3 g6 6. Be3 Bg7 7. f3 0-0 8. Qd2 Nc6 9. Bc4 Nd7 10. 0-0-0 Nb6 11. Bb3 Na5 12. Qd3 Bd7 13. h4 Rc8 14. h5 Nbc4 15. Bxc4 Nxc4 16. hxg6 fxg6 17. Kb1 Qb6 18. Bc1 Bxd4 19. Qxd4 Na3+ 0-1

[Event "Llinars del Valles op-A 4th"]
[Site "Llinars del Valles"]
[Date "2010.04.10"]
[Round "1"]
[White "Escofet Martin, David"]
[Black "Catarineu Morales, Alex"]
[Result "1/2-1/2"]
[WhiteElo "2180"]
[BlackElo "1892"]
[PlyCount "82"]
[EventDate "2010.04.10"]
[EventType "swiss"]
[EventRounds "7"]
[EventCountry "ESP"]
[SourceTitle "EXT 2012"]
[Source "ChessBase"]
[SourceDate "2011.11.24"]
[SourceVersion "1"]
[SourceVersionDate "2011.11.24"]
[SourceQuality "1"]

1. e4 e5 2. Nf3 Nc6 3. d4 exd4 4. Nxd4 Bc5 5. Be3 Qf6 6. Nb5 Bxe3 7. fxe3 Qh4+ 8. g3 Qxe4 9. Nxc7+ Kd8 10. Nxa8 Qxh1 11. Qd6 Nf6 12. Nc3 Ne8 13. Qd2 Qf3 14. Bg2 Qh5 15. Nd5 Qe5 16. 0-0-0 Qb8 17. Bh3 d6 18. Bg2 Qxa8 19. c4 Bg4 20. Rf1 Be6 21. c5 Qc8 22. Kb1 Qd7 23. Rd1 Kc8 24. b4 dxc5 25. Qc2 Bxd5 26. Rxd5 Qe7 27. b5 Nc7 28. Bh3+ Kb8 29. Rd7 Qxe3 30. bxc6 Qe1+ 31. Rd1 Qb4+ 32. Ka1 Re8 33. cxb7 Re1 34. Qd3 Rxd1+ 35. Qxd1 Qd4+ 36. Qxd4 cxd4 37. Bg2 Nb5 38. Kb2 Nd6 39. Kc2 Nxb7 40. Kd3 Nc5+ 41. Kxd4 Ne6+ 1/2-1/2

[Event "Manresa op 35th"]
[Site "Manresa"]
[Date "2008.08.13"]
[Round "2"]
[White "Fier, Alexandr"]
[Black "Escofet Martin, David"]
[Result "1-0"]
[WhiteElo "2558"]
[BlackElo "2138"]
[PlyCount "75"]
[EventDate "2008.08.12"]
[EventType "swiss"]
[EventRounds "9"]
[EventCountry "ESP"]
[SourceTitle "CBM 125 Extra"]
[Source "ChessBase"]
[SourceDate "2008.09.01"]
[SourceVersion "1"]
[SourceVersionDate "2008.09.01"]
[SourceQuality "1"]

1. e4 c5 2. Nf3 d6 3. d4 cxd4 4. Nxd4 Nf6 5. Nc3 g6 6. Be3 Bg7 7. f3 0-0 8. Qd2 Nc6 9. Bc4 Bd7 10. 0-0-0 Ne5 11. Bb3 Qa5 12. g4 Rfc8 13. h4 Rc4 14. g5 Nh5 15. Rhf1 Rac8 16. Kb1 Rxc3 17. bxc3 Nc4 18. Bxc4 Rxc4 19. Nb3 Qxc3 20. Qxc3 Rxc3 21. Bxa7 Be5 22. Bd4 Bxd4 23. Rxd4 Nf4 24. Rb4 b5 25. Kb2 Rc7 26. Rf2 Nh3 27. Rd2 Ng1 28. Rd3 Ne2 29. Nd4 Nf4 30. Rc3 Rc5 31. Rbb3 Re5 32. Rc7 Ne6 33. Nxe6 Bxe6 34. Rb4 Bc4 35. a4 Be2 36. f4 Rc5 37. Rxc5 dxc5 38. Rxb5 1-0

[Event "Catalunya-chT Primera Gp1"]
[Site "Catalunya"]
[Date "2008.02.17"]
[Round "4"]
[White "Perez Mitjans, Orelvis"]
[Black "Escofet Martin, David"]
[Result "1-0"]
[WhiteElo "2438"]
[BlackElo "2074"]
[PlyCount "40"]
[EventDate "2008.01.27"]
[EventType "team-tourn"]
[EventRounds "9"]
[EventCountry "ESP"]
[SourceTitle "EXT 2019"]
[Source "ChessBase"]
[SourceDate "2018.10.10"]
[SourceVersion "1"]
[SourceVersionDate "2018.10.10"]
[SourceQuality "1"]

1. e4 c5 2. Nf3 d6 3. d4 cxd4 4. Nxd4 Nf6 5. Nc3 g6 6. Be3 Bg7 7. f3 0-0 8. Qd2 Nc6 9. 0-0-0 d5 10. exd5 Nxd5 11. Nxc6 bxc6 12. Bd4 Nxc3 13. Qxc3 Bh6+ 14. Be3 Bxe3+ 15. Qxe3 Qb6 16. Qxe7 Be6 17. Qa3 Qc7 18. h4 h5 19. Qa4 Rab8 20. b3 c5 1-0

[Event "Barcelona Rubi op-B 5th"]
[Site "Barcelona"]
[Date "2004.04.??"]
[Round "1"]
[White "Cuevas Bellon, Blas"]
[Black "Escofet Martin, David"]
[Result "0-1"]
[WhiteElo "1700"]
[BlackElo "1825"]
[PlyCount "48"]
[EventDate "2004.04.25"]
[EventType "swiss"]
[EventRounds "7"]
[EventCountry "ESP"]
[SourceTitle "EXT 2007"]
[Source "ChessBase"]
[SourceDate "2006.11.23"]
[SourceVersion "1"]
[SourceVersionDate "2006.11.23"]
[SourceQuality "1"]

1. e4 e5 2. Nf3 Nc6 3. Bb5 a6 4. Ba4 Nf6 5. 0-0 Be7 6. Re1 b5 7. Bb3 0-0 8. c3 d5 9. exd5 Nxd5 10. Bxd5 Qxd5 11. d3 Bg4 12. Nbd2 Qxd3 13. Qb3 Bd6 14. Ng5 Na5 15. Re3 Nxb3 16. Rxd3 Nxa1 17. Nde4 Rad8 18. Rg3 f5 19. h3 fxe4 20. Rxg4 Rf4 21. Rg3 Bc5 22. Nxe4 Rxe4 23. Bh6 Rd2 24. b4 Bb6 0-1